Culture Générale - Série 1857 - Statistiques

Statistiques générales
  • Ce quiz a été pris 74 fois
  • Le résultat moyen est 4 sur 10
Statistiques - réponses
Question Réponse % Correct
Quelle est cette maladie tropicale, dont l'anagramme est "pain" qui entraine des lésions cutanées ? pian
79%
Le nopal est un cactus, originaire du Mexique, que l'on connait mieux sous le nom de "figuier de ... barbarie
73%
Dans quel pays se trouve la ville de Tsu dans la baie d'Ise ? Japon
71%
Dans l'Antiquité, quel genre de bateau était la "birème" ? galère
38%
L'épinette, ou espinette, est un instrument de musique à cordes pincées et à clavier de la famille des ... voir photo clavecins
29%
C'est la 15° lettre de l'alphabet grec : "Oo" omicron
27%
Le hotu est un poisson d'eau douce appelé également .... : indice : synonyme de "foutu" nase
14%
Quelle espèce d'oiseau européen est associé au mot "lulu" ? alouette
12%
Quel mot dont l'anagramme est "saluent" désigne un lit de repos sous Louis XVI ? sultane
5%
Quel poisson est aussi appelé "brochet de mer" ? spet
3%
Aucun quiz correspondant
Distribution des résultats
% des personnes avec chaque résultat
Percentile par nombre de réponses
Votre historique - résultats
Vous n’avez pas pris ce quiz